00693nam a22002057a 450000500170000000800410001702000150005804000230007305000110009610000240010724500970013125000120022826000440024030000460028450000680033050000200039865000140041870000250043270000300045720231218093604.0231218b |||||||| |||| 00| 0 eng d a0669351652 aDLCcKMUdKMUerda00aQA 3031 aLarson, Ron,d1941-10aBrief calculus with applications /cRoland E. Larson, Robert P. Hostetler, Bruce H. Edwards. a4th ed. aLexington, Mass. :bD.C. Heath,cc1995. axxx, 544 p. :bill. (some col.) ;c24 cm. a"Case studies contributed by James A. Kurre, Kenneth T. Louie." aIncludes index. 0aCalculus.1 aHostetler, Robert P.1 aEdwards, Bruce H.,d1946-